The rights of Parliament vindicated : on occasion of the late Stamp-Act : in which is exposed the conduct of the American colonists, Addressed to all the people of Great Britain.

Bibliographic Details
Format: Microform Book
Language:English
Subjects:

MARC

Tag First Indicator Second Indicator Subfields
LEADER 00000cam a2200000 a 4500
001 in00000091252
005 20150923131553.0
007 he bm| ba||
008 780310r1766 kyu b 00000 eng d
035 |a (OCoLC)03703333 
035 |9 AAK6843AM 
040 |a DLC  |c RRR  |d RRR  |d TXA  |d UtOrBLW 
049 |a TXAI 
082 0 |a 973.3111 
090 |a E215.2  |b R57 
099 |a fiche  |a C  |a 4353 
245 0 4 |a The rights of Parliament vindicated :  |b on occasion of the late Stamp-Act : in which is exposed the conduct of the American colonists, Addressed to all the people of Great Britain. 
264 3 |a London :  |b Printed for J. Almon,  |c 1766. 
300 |a 44 pages ;  |c 21 cm. 
336 |a text  |b txt  |2 rdacontent 
337 |a microform  |b h  |2 rdamedia 
338 |a microfiche  |b he  |2 rdacarrier 
500 |a "Sabin : 71374." 
500 |a "Copied from the original in the Library of Congress." 
533 |a Microfiche.  |b Louisville, [Ky.] :  |c Lost Cause Press,  |d 1977.  |e 2 microfiches : negative ; 11 x 15 cm.  |f ([Bibliotheca Americana. Selected Americana. Microfiche ed. / J. Sabin]) (Fiche book) 
500 |a Microform. 
610 1 0 |a Great Britain.  |t Stamp Act (1765) 
999 |a MARS 
999 f f |s ef0a3b85-18a5-3677-b9a0-18e134435157  |i 037199f6-d38a-36d2-a980-9a0da1edd76d  |t 0 
952 f f |p normal  |a Texas A&M University  |b College Station  |c Sterling C. Evans Library  |d Evans: Microforms (3rd floor)  |t 0  |e fiche C 4353  |h Other scheme  |i microform -- microfiche  |m A14821688399 
998 f f |a fiche C 4353  |t 0  |l Evans: Microforms (3rd floor)